000 00632nam a22001937a 4500
005 20100809152621.0
010 _aENG-99101
020 _a9788125037415
_c184.00
035 _aEN-82633
037 _bDBAD/PUB
082 _a954
100 _aAnnapurna Devi
_913350
245 _aDiscover histrory & civics/
_cby Annapurna Devi
260 _aAnna Salai
_bOrient Blackswan
_c2010
270 _a160,Anna Salai
_bChennai
_e600002
300 _a354p.
_c24cm (pbk)
942 _2ddc
_cEN
_h954
_mANN
999 _c40413
_d40413